Представление документа в формате RUSMARC

ПолеНазваниеЗначение
  Тип записи c
  Библиографический уровень m
001 Контрольный номер RU/УОНБ/EK_N/342967909
005 Дата корректировки 20260409142532.4
010 Индекс ISBN __
9 Тираж 4630 экз.
013 Номер (ISMN) __
d Цена 75 к.
071 Издательские номер (звукозапись и ноты) 21
a Номер, присвоенный агентством 7158
100 Данные общей обработки __
a Данные общей обработки 20170607d1985 u y0rusy0189 ca
101 Язык документа 0_
a Язык текста rus
c Язык оригинала rus
f Язык титульного листа rus
102 Страна публикации __
a Страна публикации RU
125 Кодированные данные звукозаписи и нотных изданий __
a Форма изложения нотного текста с|
128 Кодированные данные (звукозаписи-физические характеристики) __
a Кодированные данные: Музыкальная форма и тональность или лад zz
c Инструменты или голоса, рекомендуемые для солистов (устаревшее) kt||
200 Заглавие и сведения об ответственности 1_
a Заглавие Вып. 42
f Первые сведения об ответственности сост. Ю. Н. Наймушина
210 Выходные данные 1_
d Дата издания 1985
215 Физическое описание __
a Объем 48 c.
327 Примечание о содержании 11
a Примечание о содержании Содерж.: Хачатурян А. Отчаяние Отелло : из музыки к кф. "Отелло". - Пейко Н. Танец фокусника : из балета "Жанна д'Арк". - Шишаков Ю. Прелюдия и бурлеска. - Лондонов П. Пьеса на русскую тему. - Макарова Н. Романс. - Леденев Р. Зимняя песня. - Сидельников Л. Горное озеро. - Чернов Г. Частушка. - Наймушин Ю. Токката. - Лунин И. Каноническая пьеса. - Сорокин К. Прелюдия и фуга ми минор. - Спадавеккиа А. Тарантелла
461 Уровень набора _0
1 001RU/УОНБ/EK_N/342966593
1 200
a Концертные пьесы для баяна
v Вып. 42
1 210
a М.
c Сов. композитор
d [196-] -
1 225
a Баян
464 Аналитический уровень _0
1 200 1
a Отчаяние Отелло
e из музыки к кф. "Отелло"
1 700 1
a Хачатурян
b А.
1 50010
a Отелло
464 Аналитический уровень _0
1 200 1
a Танец фокусника из балета "Жанна д'Арк"
1 700 1
a Пейко
b Н.
1 50010
a Жанна д'Арк
464 Аналитический уровень _0
1 200 1
a Прелюдия и бурлеска
1 700 1
a Шишаков
b Ю.
464 Аналитический уровень _0
1 200 1
a Пьеса на русскую тему
1 700 1
a Лондонов
b П.
464 Аналитический уровень _0
1 200 1
a Романс
1 700 1
a Макарова
b Н.
464 Аналитический уровень _0
1 200 1
a Зимняя песня
1 700 1
a Леденев
b Р.
464 Аналитический уровень _0
1 200 1
a Горное озеро
1 700 1
a Сидельников
b Л.
464 Аналитический уровень _0
1 200 1
a Частушка
1 700 1
a Чернов
b Г.
464 Аналитический уровень _0
1 200 1
a Токката
1 700 1
a Наймушин
b Ю.
464 Аналитический уровень _0
1 200 1
a Каноническая пьеса
1 700 1
a Лунин
b И.
464 Аналитический уровень _0
1 200 1
a Прелюдия и фуга ми минор
1 700 1
a Сорокин
b К.
464 Аналитический уровень _0
1 200 1
a Тарантелла
1 700 1
a Спадавеккиа
b А.
464 Аналитический уровень _0
1 2001
a Отчаяние Отелло
e из музыки к кф. "Отелло"
1 700 1
a Хачатурян
b А.
1 50010
a Отелло
512 Заглавие обложки 1_
a Заглавие обложки Вып. 42
606 Тематические рубрики 0_
a Основная рубрика Баян
x Основная подрубрика Концертные пьесы
610 Ключевые слова 0_
a Ключевые слова баян
610 Ключевые слова 0_
a Ключевые слова концерты
610 Ключевые слова 0_
a Ключевые слова танцы
610 Ключевые слова 0_
a Ключевые слова романсы
610 Ключевые слова 0_
a Ключевые слова прелюдии
610 Ключевые слова 0_
a Ключевые слова токкаты
686 Индексы других классификаций __
a Классификационный индекс 85.954.6-058я43
2 Код системы rubbk
702 Вторичная интеллектуальная ответственность _1
a Фамилия Наймушин
b Имя (инициалы) Ю.
4 Код отношения 220
801 Источник записи _0
a Страна RU
b Организация Ульяновская ОНБ
c Дата составления 20170607
g Правила каталогизации RCR
801 Источник записи _1
a Страна RU
b Организация IS
c Дата составления 20170607
g Правила каталогизации RCR
901 Тип документа __
t Тип документа n
w Контрольный № источника RU/УОНБ/EK_N/342966593
909 Создатель записи __
a Создатель записи Лобина Л. И.
910 Корректоры записи __
a Корректор записи Васина
938 Служебная информация __
a Имя БД noti
b Имя библиотеки УОНБ
c Имя АИБС МАРК-SQL
d Номер DOC_ID в БД 7962